[Event "Schleswig Holstein-ch cand 60th"]
[Site "Germany"]
[Date "2005.10.12"]
[Round "3"]
[White "Nowack, Achim"]
[Black "Hamar, Robert"]
[Result "1/2-1/2"]
[WhiteElo "1821"]
[BlackElo "1729"]
[PlyCount "64"]
[EventDate "2005.10.10"]
[EventType "swiss"]
[EventRounds "9"]
[EventCountry "GER"]
[SourceTitle "EXT 2010"]
[Source "ChessBase"]
[SourceDate "2010.11.25"]
[SourceVersion "1"]
[SourceVersionDate "2010.11.25"]
[SourceQuality "1"]

1. e4 d6 2. f4 Nf6 3. Nc3 c5 4. Nf3 Nc6 5. Be2 e5 6. 0-0 Bg4 7. d3 Be7 8. fxe5 dxe5 9. Be3 0-0 10. h3 Bxf3 11. Bxf3 Nd4 12. Ne2 Nxf3+ 13. Rxf3 Nd7 14. Ng3 Bg5 15. Qd2 Bxe3+ 16. Qxe3 f6 17. Nf5 Rf7 18. Rg3 Kh8 19. Rf1 Qb6 20. Qc1 c4+ 21. Kh2 Rc8 22. b3 cxb3 23. axb3 Nf8 24. Qa3 Rd7 25. c4 Ne6 26. Ra1 a6 27. Ne7 Re8 28. Nd5 Qd4 29. b4 Nf4 30. Nxf4 exf4 31. Rf3 g5 32. Raf1 Kg7 1/2-1/2